Statistics for 50 Largest Cities and 50 Furthest from Larger Cities on the World Map

Click here to take the quiz!

General Stats

  • This quiz has been taken 145 times
  • The average score is 60 of 80

Answer Stats

# City % Correct
d20 p16Los Angeles
98%
d19 p24London
98%
d36 p22Buenos Aires
98%
d17 p19Cairo
98%
d12 p11New York
98%
d5 Sydney
98%
p13Beijing
98%
d2 p10Mexico City
98%
d16 p2Tokyo
98%
p29Paris
98%
d7 p20Moscow
98%
d29 p25Tehran
98%
d6 p26Johannesburg
98%
d44 Miami
98%
d15 p35Lima
97%
p27Rio de Janeiro
97%
p23Istanbul
97%
p48San Francisco
97%
d3 p12São Paulo
97%
p8Manila
97%
p43Washington
97%
d32 p39Bogotá
97%
p50Boston
97%
p37Chicago
97%
d14 p4Jakarta
96%
p7Seoul
96%
d9 p5Delhi
96%
p9Mumbai
96%
d18 Perth
95%
d24 Auckland
94%
p44Ho Chi Minh City
94%
p15Osaka
94%
d4 p17Lagos
93%
d1 p1Guangzhou
93%
d41 p18Bangkok
93%
d33 Dakar
93%
p3Shanghai
93%
d34 p30Kinshasa
92%
p21Kolkata
92%
d48 p14Dhaka
92%
d8 Honolulu
92%
d39 Khartoum
91%
d38 Antananarivo
89%
p6Karachi
89%
d26 Port Moresby
86%
p34Chennai
86%
d21 Dar es Salaam
85%
p31Bangalore
83%
p32Lahore
82%
p40Hyderabad
76%
p41Taipei
75%
p49Ahmedabad
73%
d37 Recife
73%
d35 Ürümqi
70%
p28Tianjin
69%
p38Chengdu
68%
d47 Nuuk
68%
p46Wuhan
65%
d49 Honiara
62%
d25 Anchorage
59%
p36Xiamen
59%
d31 Tarawa
53%
p42Hangzhou
51%
p47Shenyang
48%
p33Nagoya
39%
d23 Faaa
38%
p45Shantou
35%
d22 Edinburgh of the Seven Seas
35%
d45 Noumea
33%
d42 Petropavlovsk-Kamchatsky
33%
d11 McMurdo Station
26%
d10 Hanga Roa
25%
d27 Saipan
23%
d28 Jamestown
23%
d46 Grytviken
22%
d13 Port-aux-Francais
22%
d43 Anadyr
20%
d40 Rikitea
14%
d30 Tabwakea Village
12%
d50 Atuona
11%

Score Distribution

Percentile by Number Answered

Percent of People with Each Score

Your Score History

You have not taken this quiz